| 000 | 00677nam a2200253Ia 4500 | ||
|---|---|---|---|
| 008 | 160803s9999 xx 000 0 und d | ||
| 020 | _a9780545487863 | ||
| 100 | _aLupica, Mike | ||
| 245 | 4 | _aThe underdogs / | |
| 245 | _cMike Lupica. | ||
| 260 | _aNew York : | ||
| 260 | _bScholastic Inc. | ||
| 260 | _c2011 | ||
| 300 | _a280 pages ; | ||
| 300 | _c20 cm | ||
| 500 | _aOriginally published: New York : Philomel Books, ©2011. | ||
| 650 | _aCommunity life -- Pennsylvania -- | ||
| 650 | _aFootball players -- | ||
| 650 | _aPennsylvania -- | ||
| 650 | _xJuvenile fiction. | ||
| 650 | _xJuvenile fiction. | ||
| 650 | _xJuvenile fiction. | ||
| 700 | _a840 | ||
| 999 |
_c299821 _d299821 |
||